000 00570nam a22001937a 4500
005 20140425110920.0
010 _aENG-109512
020 _c70.00
_a9788125052555
035 _aEN-93045
037 _bDBAD/PUB
082 _aS
245 0 0 _aPanorama :
_cedited by Nandita Singh [and] Ajay Kumar Shukla
_bselected essays and short stories /
260 _aNew Delhi
_bOrient Blakswan
_c2013
270 _a1/24 Asaf Ali Road
_bNew Delhi
_e110002
300 _aix,116p.
_c22cm(pbk)
700 _aSingh, Nandita
700 _aShukla, Ajay Kumar
942 _2ddc
_cEN
_mPAN
_hS
999 _c82844
_d82844